Meždunarodnaja simbolika i emblematika Opyt slovarja

Salvato in:
Dettagli Bibliografici
Autore principale: Pochlebkin, B.B
Natura: Libro
Lingua:russo
Pubblicazione: Moskva Meždunarodnyje otnošenija 1989
Edizione:1. izd.
Tags: Aggiungi Tag
Nessun Tag, puoi essere il primo ad aggiungerne!!

MARC

LEADER 00000nam a2200000 4500
001 c036569
005 20221215135559.1
041 0 |a rus 
044 |a RU 
245 1 0 |a Meždunarodnaja simbolika i emblematika  |b Opyt slovarja  |c B.B. Pochlebkin 
250 |a 1. izd. 
264 1 |a Moskva  |b Meždunarodnyje otnošenija  |c 1989 
300 |a 300 s. 
100 1 |a Pochlebkin, B.B.